Guess the Fusion Rock Song Lyrics #101 - Statistics

General Stats
  • This quiz has been taken 12 times
  • The average score is 147 of 228
Answer Stats
Answer % Correct
I
100%
a
89%
A
89%
man
89%
me
89%
you
89%
And
78%
away
78%
in
78%
just
78%
love
78%
need
78%
of
78%
Of
78%
on
78%
the
78%
The
78%
up
78%
when
78%
as
67%
But
67%
came
67%
day
67%
from
67%
Happy
67%
happy
67%
How
67%
I'm
67%
is
67%
I've
67%
my
67%
night
67%
Oh
67%
time
67%
Well
67%
without
67%
all
56%
another
56%
Barry Manilow
56%
edge
56%
gave
56%
kissed
56%
Mandy
56%
people
56%
stopped
56%
taking
56%
today
56%
was
56%
world
56%
cold
44%
down
44%
dream
44%
ice
44%
into
44%
life
44%
Looking
44%
made
44%
remember
44%
see
44%
sent
44%
shaking
44%
way
44%
are
33%
calling
33%
eyes
33%
memory
33%
mine
33%
never
33%
nothing
33%
pass
33%
Shadows
33%
standing
33%
their
33%
through
33%
window
33%
Caught
22%
Crying
22%
goes
22%
Raining
22%
realized
22%
tears
22%
walked
22%
climbing
11%
face
11%
Morning
11%
morning
11%
pain
11%
uphill
11%
Yesterday's
11%
breeze
0%
rhyming
0%
No matching quizzes found
Score Distribution
Percent of People with Each Score
Percentile by Number Answered
Your Score History
You have not taken this quiz